| 000 | 00762nam a22002297a 4500 | ||
|---|---|---|---|
| 005 | 20170124110223.0 | ||
| 010 | _aB-128617 | ||
| 020 |
_c950.00 _a8183181090 |
||
| 035 | _aB-128617 | ||
| 037 | _bCen Lib/Ret | ||
| 040 |
_aDPL _bEN |
||
| 082 |
_a574.191 _bCHA |
||
| 100 |
_aChatwal, Gurdeep R. _940149 |
||
| 245 |
_aBiophysics / _cby Gurdeep R.Chatwal ; edited by Madhu Arora |
||
| 260 |
_aNew Delhi _bHimalaya Publishing House |
||
| 270 |
_aPooja Appartments, 4-B, Muarari Lal Street, Ansari Road, Daryaganj _bNew Delhi _e110002 |
||
| 300 |
_a424p. : _c25cm(Hb) _bill. |
||
| 650 |
_aElectronic books _932409 |
||
| 650 |
_aSCIENCE -- Life Sciences -- Biophysics _940150 |
||
| 700 |
_aArora, Madhu _921021 |
||
| 942 |
_2ddc _cEN _h574.191 _mCHA |
||
| 999 |
_c134228 _d134228 |
||